Étude sur l’évolution de la concentration dans l’industrie alimentaire en France

Enregistré dans:
Détails bibliographiques
Auteur principal: J. L. Rastion
Format: Livre
Langue:Undetermined
Publié: Bruxelles Commission des Communautés européennes 1975
Sujets:
Tags: Ajouter un tag
Pas de tags, Soyez le premier à ajouter un tag!
Thư viện lưu trữ: Trung tâm Học liệu Trường Đại học Cần Thơ
LEADER 00601nam a2200193Ia 4500
001 CTU_99566
008 210402s9999 xx 000 0 und d
082 |a 338.4 
082 |b R231 
100 |a J. L. Rastion 
245 0 |a Étude sur l’évolution de la concentration dans l’industrie alimentaire en France 
245 0 |c J. L. Rastion, G. Ghersi, M. Castagnos 
260 |a Bruxelles 
260 |b Commission des Communautés européennes 
260 |c 1975 
650 |a Food industry 
650 |z France 
904 |i Hiếu 
980 |a Trung tâm Học liệu Trường Đại học Cần Thơ